[Event "SVR-op 34th"]
[Site "Reil"]
[Date "2011.04.21"]
[Round "4"]
[White "Enders, Harald"]
[Black "Laubenstein, Peter"]
[Result "1-0"]
[WhiteElo "1931"]
[BlackElo "1602"]
[PlyCount "41"]
[EventDate "2011.04.16"]
[EventType "swiss"]
[EventRounds "7"]
[EventCountry "GER"]
[SourceTitle "EXT 2013"]
[Source "ChessBase"]
[SourceDate "2012.11.22"]
[SourceVersion "1"]
[SourceVersionDate "2012.11.22"]
[SourceQuality "1"]

1. d4 g6 2. e4 Bg7 3. Nc3 d6 4. Be3 Nf6 5. Qd2 Nbd7 6. 0-0-0 a6 7. Bh6 0-0 8. Bxg7 Kxg7 9. e5 Ng4 10. f3 Nh6 11. h4 Rh8 12. g4 Nb6 13. Qf4 Be6 14. d5 Bd7 15. h5 c6 16. exd6 exd6 17. hxg6 hxg6 18. dxc6 Bxc6 19. Rxd6 Qb8 20. Qe5+ Kg8 21. g5 1-0

[Event "SVR-op 34th"]
[Site "Reil"]
[Date "2011.04.17"]
[Round "3"]
[White "Vossen, Daniel"]
[Black "Enders, Harald"]
[Result "1-0"]
[WhiteElo "1728"]
[BlackElo "1931"]
[PlyCount "55"]
[EventDate "2011.04.16"]
[EventType "swiss"]
[EventRounds "7"]
[EventCountry "GER"]
[SourceTitle "EXT 2013"]
[Source "ChessBase"]
[SourceDate "2012.11.22"]
[SourceVersion "1"]
[SourceVersionDate "2012.11.22"]
[SourceQuality "1"]

1. Nf3 d5 2. c4 e6 3. d4 Nf6 4. g3 b6 5. Bg2 Bb7 6. 0-0 Nbd7 7. cxd5 exd5 8. Nc3 Be7 9. Bg5 0-0 10. Rc1 h6 11. Bxf6 Nxf6 12. Qb3 Re8 13. Ne5 c6 14. e4 Rc8 15. Rc2 Bd6 16. f4 c5 17. Nxd5 Nxd5 18. exd5 cxd4 19. Nc6 Qf6 20. Nxa7 Rxc2 21. Qxc2 Ba6 22. Qa4 Qe7 23. Qxa6 Ra8 24. Qxb6 Rxa7 25. Qb3 Rb7 26. Qc2 Qe3+ 27. Kh1 d3 28. Qc8+ 1-0

[Event "SVR-op 34th"]
[Site "Reil"]
[Date "2011.04.16"]
[Round "1"]
[White "Forster, Manfred"]
[Black "Enders, Harald"]
[Result "0-1"]
[WhiteElo "1467"]
[BlackElo "1931"]
[PlyCount "66"]
[EventDate "2011.04.16"]
[EventType "swiss"]
[EventRounds "7"]
[EventCountry "GER"]
[SourceTitle "EXT 2013"]
[Source "ChessBase"]
[SourceDate "2012.11.22"]
[SourceVersion "1"]
[SourceVersionDate "2012.11.22"]
[SourceQuality "1"]

1. e4 e6 2. Nc3 d5 3. exd5 exd5 4. Qe2+ Be7 5. d4 Nf6 6. h3 0-0 7. Nf3 Re8 8. Be3 Nc6 9. a3 Bf5 10. Qd1 a6 11. Be2 Qd6 12. Qc1 Ne4 13. Bf4 Qd7 14. Nd1 Bf6 15. Be3 Re7 16. g4 Rae8 17. Ne5 Bxe5 18. dxe5 Bg6 19. f4 d4 20. Bf2 Nxf2 21. Nxf2 Nxe5 22. 0-0 Nc6 23. Bd3 Bxd3 24. Nxd3 Qd5 25. Qd1 Re3 26. Kh2 Qe4 27. Rf2 b6 28. Rc1 Ne7 29. Qh1 Qe6 30. Re1 Nd5 31. Ne5 Nxf4 32. Rxe3 dxe3 33. Rxf4 Qxe5 0-1